000
00295nam a22001217a 4500
020
_a
931-3005-33-5
082
_a
004 HOL'U
100
_a
HOLSTE, THOMAS
_9
66171
245
_a
UP AND RUNNING WITH PC TOOLS DELUXE 6
260
_a
SINGAPORE
_b
TECH PUBLICATION
_c
1990
300
_a
180P
942
_c
BK
999
_c
574179
_d
574179